Statistiken für Größte Länder der Welt

Klicken Sie hier um das Quiz zu spielen!

Allgemein

  • Dieses Quiz wurde 77 mal gespielt
  • Das Durchschnittsergebnis liegt bei 9 aus 10

Antwortstatistiken

Fläche in km²Land% Korrekt
17.098.242Russland
100%
8.515.770Brasilien
99%
9.596.960China
99%
9.984.670Kanada
99%
9.525.067Vereinigte Staaten
96%
7.741.220Australien
90%
3.287.263Indien
90%
2.780.400Argentinien
83%
2.724.900Kasachstan
81%
2.381.740Algerien
74%

Verteilung der Resultate

Perzentil nach korrekt beantworteten Fragen

Anzahl Personen mit jedem Resultat

Ihre Resultats-Entwicklung

Sie haben dieses Quiz noch nicht gespielt